[Event "Syre Memorial op 17th"]
[Site "Issy les Moulineaux"]
[Date "1994.??.??"]
[Round "6"]
[White "Costagliola, Bernard"]
[Black "Lecomte, Sophie"]
[Result "1-0"]
[WhiteElo "2010"]
[BlackElo "1610"]
[PlyCount "137"]
[EventDate "1994.05.??"]
[EventType "swiss"]
[EventRounds "6"]
[EventCountry "FRA"]
[SourceTitle "EXT 2004"]
[Source "ChessBase"]
[SourceDate "2003.11.25"]
[SourceVersion "1"]
[SourceVersionDate "2003.11.25"]
[SourceQuality "1"]

1. Nf3 Nc6 2. d4 d5 3. Bf4 Bf5 4. e3 Nf6 5. Bb5 Bg4 6. Nbd2 e6 7. c4 Bd6 8. Bxd6 cxd6 9. Qa4 Bxf3 10. Bxc6+ bxc6 11. Qxc6+ Ke7 12. Qb7+ Qd7 13. Qxd7+ Kxd7 14. gxf3 dxc4 15. Nxc4 Rhc8 16. b3 Rc7 17. Kd2 Rac8 18. Rhc1 Nd5 19. a3 f6 20. Rc2 Ne7 21. Rac1 d5 22. Nb2 Rxc2+ 23. Rxc2 Rxc2+ 24. Kxc2 Nf5 25. Nd3 g5 26. b4 Nh4 27. Ne1 Kc6 28. a4 a6 29. Kd3 Ng6 30. Kd2 h5 31. Nd3 Nf8 32. Nc5 Kb6 33. Kc3 h4 34. h3 e5 35. e4 dxe4 36. Nxe4 exd4+ 37. Kxd4 Nh7 38. Nd6 Kc6 39. Nf5 Nf8 40. Ke4 Ne6 41. Nd4+ Nxd4 42. Kxd4 f5 43. Ke3 Kd5 44. b5 axb5 45. axb5 Kc5 46. f4 g4 47. hxg4 fxg4 48. f5 h3 49. f6 h2 50. f7 h1Q 51. f8Q+ Kxb5 52. Qb8+ Kc5 53. Qa7+ Kd6 54. Qd4+ Kc7 55. Qc4+ Kd6 56. Qf4+ Kd7 57. Qxg4+ Kc7 58. Qf4+ Kd8 59. Qd6+ Ke8 60. Qe5+ Kd8 61. f4 Qc1+ 62. Kf3 Qh1+ 63. Kg4 Qd1+ 64. Kg5 Qg1+ 65. Kf6 Qb6+ 66. Kg7 Qb7+ 67. Kg6 Qb1+ 68. Qf5 Qb3 69. Qf8+ 1-0